<?xml version="1.0" encoding="UTF-8"?>
<record
    xmlns:xsi="http://www.w3.org/2001/XMLSchema-instance"
    xsi:schemaLocation="http://www.loc.gov/MARC21/slim http://www.loc.gov/standards/marcxml/schema/MARC21slim.xsd"
    xmlns="http://www.loc.gov/MARC21/slim">

  <leader>00859nam a22002657  4500</leader>
  <controlfield tag="001">190443</controlfield>
  <controlfield tag="003">ES-MaACL</controlfield>
  <controlfield tag="005">20250825062637.0</controlfield>
  <controlfield tag="008">210330s2004    sp            000 j spa</controlfield>
  <datafield tag="020" ind1=" " ind2=" ">
    <subfield code="a">84-263-4846-7</subfield>
  </datafield>
  <datafield tag="080" ind1=" " ind2=" ">
    <subfield code="a">087.5:82</subfield>
  </datafield>
  <datafield tag="100" ind1="1" ind2=" ">
    <subfield code="a">Gisbert, Joan Manuel (</subfield>
    <subfield code="d">1949-)</subfield>
    <subfield code="9">171147</subfield>
  </datafield>
  <datafield tag="245" ind1="1" ind2="3">
    <subfield code="a">El arquitecto y el emperador de Arabia / </subfield>
    <subfield code="c">Joan Manuel Gisbert.</subfield>
  </datafield>
  <datafield tag="250" ind1=" " ind2=" ">
    <subfield code="a">2&#xAA; ed. rev., 23&#xAA; imp.</subfield>
  </datafield>
  <datafield tag="260" ind1=" " ind2=" ">
    <subfield code="a">Zaragoza : </subfield>
    <subfield code="b">Edelvives, </subfield>
    <subfield code="c">2004.</subfield>
  </datafield>
  <datafield tag="300" ind1=" " ind2=" ">
    <subfield code="a">122 p. ; </subfield>
    <subfield code="c">22 cm.</subfield>
  </datafield>
  <datafield tag="490" ind1="1" ind2=" ">
    <subfield code="a">Alandar ; </subfield>
    <subfield code="v">10</subfield>
  </datafield>
  <datafield tag="655" ind1=" " ind2="7">
    <subfield code="a">Libros infantiles</subfield>
    <subfield code="2">tgfbne</subfield>
    <subfield code="9">226786</subfield>
  </datafield>
  <datafield tag="830" ind1="1" ind2=" ">
    <subfield code="a">Alandar ; </subfield>
    <subfield code="v">10</subfield>
    <subfield code="9">225884</subfield>
  </datafield>
  <datafield tag="852" ind1="4" ind2=" ">
    <subfield code="a">ES-MaACL</subfield>
    <subfield code="j">A-14644</subfield>
    <subfield code="9">197620</subfield>
    <subfield code="b">R.152379</subfield>
    <subfield code="c">DEPO1</subfield>
    <subfield code="d">Olim: N-7644</subfield>
    <subfield code="h">Donaci&#xF3;n: Jos&#xE9; L&#xE1;zaro</subfield>
  </datafield>
  <datafield tag="903" ind1=" " ind2=" ">
    <subfield code="9">234219</subfield>
    <subfield code="a">L&#xE1;zaro Garc&#xED;a, Jos&#xE9;</subfield>
    <subfield code="e">dnr</subfield>
  </datafield>
  <datafield tag="942" ind1=" " ind2=" ">
    <subfield code="2">udc</subfield>
    <subfield code="c">MONOGRAFIA</subfield>
  </datafield>
  <datafield tag="999" ind1=" " ind2=" ">
    <subfield code="c">190443</subfield>
    <subfield code="d">190443</subfield>
  </datafield>
  <datafield tag="952" ind1=" " ind2=" ">
    <subfield code="0">0</subfield>
    <subfield code="1">0</subfield>
    <subfield code="2">udc</subfield>
    <subfield code="4">0</subfield>
    <subfield code="7">0</subfield>
    <subfield code="a">ATENEOM</subfield>
    <subfield code="b">ATENEOM</subfield>
    <subfield code="c">DEPO1</subfield>
    <subfield code="d">2021-03-30</subfield>
    <subfield code="e">DONACION</subfield>
    <subfield code="l">0</subfield>
    <subfield code="o">A-14644</subfield>
    <subfield code="p">1202466</subfield>
    <subfield code="r">2023-02-23 00:00:00</subfield>
    <subfield code="w">2023-02-23</subfield>
    <subfield code="y">MONOGRAFIA</subfield>
  </datafield>
</record>
